000 01081nas a2200349 4500
001 BR2013001399
003 BR-BrBNA
005 20231205121948.0
007 ta
008 230509b bl.|||p| |||| 00| 00por d
040 _aBR-BrBNA
_bpor
_cBiblioteca Nacional de Agricultura
041 _a(Pt)
072 _aL51
100 1 _aAgy, M.S.F.A.
100 1 _aOliveira, R.L.
100 1 _aCarvalho, G.G.P.
100 1 _aLeão, A.G.
100 1 _aRibeiro, O.L.
100 1 _aBagaldo, A.R.
100 1 _aRibeiro, R.D.X.
100 1 _aRibeiro, M.D.
245 1 _aComportamento ingestivo e respostas fisiológicas de cabritos alimentados com dietas contendo torta de girassol oriunda da produção de biodiesel
650 _aCABRITO
650 _aINGESTÃO
650 _aRUMINAÇÃO
650 _aDIETA
650 _aGIRASSOL
650 _aTORTA
773 0 _tArquivo Brasileiro de Medicina Veterinária e Zootecnia (Brazil)
_xISSN 0102-0935
_g(Oct 2012), v. 64(5) p. 1292-1301
_wBR2013001399
909 _a202311
_bLúcia
_c55
_dLúcia Elande
942 _2AGRIS
_n0
_cANA
999 _c226168
_d226168